000 00677nam a2200193 i 4500
001 128366
003 ES-MaACL
005 20230906193242.0
007 t|
008 070702s1908 sp ||||1| spa d
100 1 _aGarcía-Valiente, César.
_955366
245 1 3 _aLa Semana Santa en Castilla y en Levante /
_c[César García-Valiente].
260 _a[Toledo :
_bs.n.,
_c1908]
300 _a21 p. ;
_c18 cm.
594 _aEjemplar sin port., autor tomado de la dedicatoria.
650 0 4 _aSemana Santa-
_zCastilla.
_9171172
650 4 _aSemana Santa-
_zComunidad Valenciana.
_9171173
852 _aES-MaACL
_jL-4899(6-7)
_z- Dedicatoria autógrafa del autor
_z- Donativo Roda
999 _c128366
_d128366